000 00991cam a2200193 4500
001 WS124044
008 031027n 000 0 eng u
035 _a(Sirsi) u124044
110 _aCommission for Architecture and the Built Environment
_94058
245 _aCommission for Architecture and the Built Environment (CABE)
520 _aWeb site for this organisation which aims to inspire people to demand more from their buildings and spaces. Includes details of events and publications and their design review series. UPDATE. CABE merged with the design council on 1 April 2011 following an agreement reached by the two bodies and government.
650 _aORGANISATION
650 _aDESIGN
650 _aPUBLIC SPACE
650 _aARCHITECTURE
690 _aBUILT ENVIRONMENT-CONSTRUCTION DESIGN
856 4 0 _uhttps://webarchive.nationalarchives.gov.uk/20110118095356/http://www.cabe.org.uk/home
_zView a permanent archive of the CABE website on the National Archive
942 _n0
999 _c120362
_d120362